[Event "RLEV #5b"]
[Site "SchemingMind.com"]
[Date "2010.03.27"]
[Round "-"]
[White "Shanks"]
[Black "Roger Martindale"]
[Result "1/2-1/2"]
[WhiteCountry "ENG"]
[BlackCountry "USA"]
[WhiteElo "1392"]
[WhiteRD "65"]
[BlackElo "1448"]
[BlackRD "86"]
[GameID "243023"]

1. e4 e5 2. Nf3 Nc6 3. Bb5 a6 4. Bxc6 bxc6 5. d3 d6 6. Nbd2 Nf6 7. O-O h6 8. c4 c5 9. h3 Be6 10. Re1 Be7
11. Nf1 Bd7 12. Ng3 g6 13. b3 a5 14. a4 c6 15. Bb2 Rb8 16. Kh1 Be6 17. Nh2 h5 18. Nf3 h4 19. Nf1 Kd7 20. Ng5 Nh5
21. Nxe6 fxe6 22. Ne3 Nf4 23. Ng4 Rb7 24. f3 Qb8 25. Ra3 Bg5 26. Bxe5=
1/2-1/2

[Event "RLEV #5b"]
[Site "SchemingMind.com"]
[Date "2010.03.25"]
[Round "-"]
[White "Kobiahshi"]
[Black "cnbcad"]
[Result "1-0"]
[WhiteCountry "USA"]
[BlackCountry "USA"]
[WhiteElo "1597"]
[WhiteRD "69"]
[BlackElo "1477"]
[BlackRD "59"]
[GameID "243040"]

1. e4 e5 2. Nf3 Nc6 3. Bb5 a6 4. Bxc6 dxc6 5. O-O Bg4 6. h3 Bxf3 7. Qxf3 Qf6 8. Qxf6 gxf6 9. d3 O-O-O 10. Be3 h5
11. a4 Bh6 12. Ba7 b6 13. a5 b5 14. b4 h4 15. Nc3 Bd2 16. Na2 Ne7 17. Rad1 Bf4 18. c3 f5 19. f3 fxe4 20. dxe4 Rd2
21. Rxd2 Bxd2 22. Rd1 Rd8 23. Kf1 Bf4 24. Rxd8+ Kxd8 25. Bf2 Bg3 26. Bxg3 hxg3 27. Nc1 f5 28. exf5 Nxf5 29. Ke2 Kd7 30. Nd3 Kd6
31. Nc5 Ne7 32. Nxa6 Kd7 33. Nc5+ Kc8 34. a6 Nd5 35. Ne4 Kb8 36. Nxg3 Nxc3+ 37. Kd2
1-0

[Event "RLEV #5b"]
[Site "SchemingMind.com"]
[Date "2010.03.27"]
[Round "-"]
[White "Kobiahshi"]
[Black "wom_bat"]
[Result "0-1"]
[WhiteCountry "USA"]
[BlackCountry "GER"]
[WhiteElo "1602"]
[WhiteRD "65"]
[BlackElo "1636"]
[BlackRD "80"]
[GameID "243041"]

1. e4 e5 2. Nf3 Nc6 3. Bb5 a6 4. Bxc6 bxc6 5. O-O d6 6. d3 Bg4 7. Bg5 f6 8. Bh4 Ne7 9. Nbd2 g5 10. Bg3 Ng6
11. c3 d5 12. Qe1 h5 13. h3 h4 14. Bh2 Be6 15. Qe3 g4 16. Nxh4 Bh6 17. Qc5 Nxh4 18. f4 gxh3 19. g3 Rg8 20. Kf2 exf4
21. Rad1 Ng6 22. Qxc6+ Kf7 23. Nf3 Bg4 24. d4 Ne7 25. Qa4 dxe4 26. Qc4+ Qd5 27. Qe2 Bxf3 28. Qe1 Bxd1 29. Qxd1 e3+ 30. Ke2 Qg2+
31. Kd3 Qxh2 32. gxf4 Bxf4 33. Re1 Qd2+ 34. Qxd2 exd2 35. Rd1 h2
0-1

[Event "RLEV #5b"]
[Site "SchemingMind.com"]
[Date "2010.03.25"]
[Round "-"]
[White "Kobiahshi"]
[Black "cnile"]
[Result "1-0"]
[WhiteCountry "USA"]
[BlackCountry "SCO"]
[WhiteElo "1628"]
[WhiteRD "62"]
[BlackElo "1444"]
[BlackRD "59"]
[GameID "243042"]

1. e4 e5 2. Nf3 Nc6 3. Bb5 a6 4. Bxc6 dxc6 5. O-O f6 6. d4 Bd6 7. dxe5 fxe5 8. Nxe5 Bxe5 9. Qh5+ g6 10. Qxe5+ Kf7
11. Bg5 Nf6 12. Nd2 Rf8 13. Qf4 Kg8 14. Bh6 Rf7 15. Qg5 Bd7 16. Rad1 Ng4 17. Qxd8+ Rxd8 18. Bg5 Re8 19. f3 Ne5 20. Bh6 c5
21. b3 Ref8 22. Bxf8 Rxf8 23. Kh1 Bb5 24. Rfe1 b6 25. a4 Bc6 26. Nf1 c4 27. Re3 cxb3 28. cxb3 Be8 29. Ng3 Bf7 30. h3 a5
31. f4 Nc6 32. e5 Be6 33. Ne2 Bxb3 34. Rc1 Nb4 35. Rxb3 Kg7 36. Rxc7+
1-0

[Event "RLEV #5b"]
[Site "SchemingMind.com"]
[Date "2010.03.25"]
[Round "-"]
[White "Kobiahshi"]
[Black "echecs"]
[Result "0-1"]
[WhiteCountry "USA"]
[BlackCountry "ENG"]
[WhiteElo "1588"]
[WhiteRD "72"]
[BlackElo "1818"]
[BlackRD "58"]
[GameID "243043"]

1. e4 e5 2. Nf3 Nc6 3. Bb5 a6 4. Bxc6 dxc6 5. O-O Bg4 6. h3 Bh5 7. g4 Bg6 8. Nxe5 Bd6 9. Nxg6 hxg6 10. Qf3 Qh4
11. Kg2 O-O-O 12. Nc3 Nf6 13. d3 Nd7 14. Be3 f5 15. Rh1 Rdf8 16. d4 fxe4 17. Qe2 Rf3 18. Nxe4 Rxh3
0-1

[Event "RLEV #5b"]
[Site "SchemingMind.com"]
[Date "2010.03.26"]
[Round "-"]
[White "Kobiahshi"]
[Black "Shanks"]
[Result "1-0"]
[WhiteCountry "USA"]
[BlackCountry "ENG"]
[WhiteElo "1615"]
[WhiteRD "77"]
[BlackElo "1420"]
[BlackRD "68"]
[GameID "243044"]

1. e4 e5 2. Nf3 Nc6 3. Bb5 a6 4. Bxc6 dxc6 5. O-O Nf6 6. d3 Bd6 7. Bg5 h6 8. Bh4 O-O 9. Nbd2 b5 10. a3 Bb7
11. c3 Qe8 12. Bxf6 gxf6 13. Nh4 Kh7 14. Qh5 Rg8 15. Nf5 Rg6 16. Nf3 Bf8 17. N3h4 c5 18. Qd1 c4 19. Nxg6 fxg6 20. Ng3 cxd3
21. Qxd3 Rd8 22. Qe3 Bg7 23. Rfe1 c6 24. Rad1 Rxd1 25. Rxd1 Qe7 26. Qf3 c5 27. Qd3 c4 28. Qd7 Qxd7 29. Rxd7 Bc8 30. Rc7 Be6
31. Rc6 Bg8 32. Rxa6 h5 33. Ra5 h4 34. Ne2 g5 35. Rxb5 Kh6 36. a4 Bf7 37. a5 Bg6 38. f3 Bh5 39. a6 g4 40. a7 gxf3
41. a8=Q fxe2 42. Kf2 e1=Q+ 43. Kxe1 Kg5 44. Qg8 Kg6 45. Rb6 h3 46. gxh3 Bf3 47. Qxc4 Bg2 48. h4 Bf3 49. Kf2 Bh5 50. Qe6 Kh6
51. Qxe5 Bg6 52. Qd5 Kh7 53. h5 Kh6 54. c4 Bxh5 55. h4 Kg6 56. Qg5+
1-0

[Event "RLEV #5b"]
[Site "SchemingMind.com"]
[Date "2010.03.26"]
[Round "-"]
[White "Kobiahshi"]
[Black "Roger Martindale"]
[Result "0-1"]
[WhiteCountry "USA"]
[BlackCountry "USA"]
[WhiteElo "1604"]
[WhiteRD "64"]
[BlackElo "1440"]
[BlackRD "89"]
[GameID "243045"]

1. e4 e5 2. Nf3 Nc6 3. Bb5 a6 4. Bxc6 bxc6 5. O-O Bd6 6. d4 f6 7. Be3 h6 8. c4 exd4 9. Bxd4 c5 10. Be3 Bb7
11. Nc3 Ne7 12. Re1 Ng6 13. Qc2 O-O 14. Qd2 Re8 15. Bxh6 c6 16. Be3 Kf7 17. b3 Re6 18. Bg5 Qh8 19. Be3 Ne5 20. Qe2 Nxf3+
21. Qxf3 Qxh2+ 22. Kf1 Rh8 23. Ke2 Qe5 24. Rac1 Bc7 25. Bf4 Qxf4 26. Qxf4 Bxf4 27. Rcd1 Ke7 28. f3 a5 29. Kf2 Re5 30. Ke2 Rg5
31. Rg1 Rh2 32. Kf1 Be3 33. f4 Bxf4 34. g3 Bxg3 35. Ne2 Bf2 36. Rd3 Bxg1 37. Nxg1 Rh1
0-1

[Event "RLEV #5b"]
[Site "SchemingMind.com"]
[Date "2010.03.25"]
[Round "-"]
[White "cnbcad"]
[Black "Kobiahshi"]
[Result "1-0"]
[WhiteCountry "USA"]
[BlackCountry "USA"]
[WhiteElo "1599"]
[WhiteRD "60"]
[BlackElo "1569"]
[BlackRD "70"]
[GameID "243047"]

1. e4 e5 2. Nf3 Nc6 3. Bb5 a6 4. Bxc6 dxc6 5. d4 Bg4 6. h3 Bh5 7. Be3 Bb4+ 8. Nc3 Nf6 9. g4 Bg6 10. Qd2 Bxe4
11. Ng5 Bxh1 12. O-O-O Bd5 13. a3 exd4 14. Bxd4 Bxc3 15. Qxc3 Nd7 16. Re1+ Be6 17. Nxe6 fxe6 18. Rxe6+ Kf7 19. Qc4 Qg5+ 20. Be3 Qd8
21. Re4+ Kg6 22. Qe6+ Nf6 23. Qf5+ Kf7 24. Qe6+ Kg6 25. h4 h6 26. Qf5+ Kf7 27. Bd4 g6 28. Qe6+ Kg7 29. Bxf6+ Qxf6 30. Qd7+ Kf8
31. Qxc7 Re8 32. Rf4 Re6 33. Rxf6+ Rxf6 34. Qd8+ Kg7 35. Qd4 Rf8 36. g5
1-0

[Event "RLEV #5b"]
[Site "SchemingMind.com"]
[Date "2010.03.26"]
[Round "-"]
[White "wom_bat"]
[Black "Kobiahshi"]
[Result "1/2-1/2"]
[WhiteCountry "GER"]
[BlackCountry "USA"]
[WhiteElo "1632"]
[WhiteRD "87"]
[BlackElo "1604"]
[BlackRD "64"]
[GameID "243048"]

1. e4 e5 2. Nf3 Nc6 3. Bb5 a6 4. Bxc6 dxc6 5. d4 exd4 6. Nxd4 Bc5 7. c3 Nf6 8. Bg5 Be7 9. Bxf6 Bxf6 10. Nb3 Qxd1+
11. Kxd1 O-O 12. N1d2 Be6 13. Kc2 Bxb3+ 14. Nxb3 Be7 15. Rad1 b6 16. Nd4 c5 17. Nc6 Rfe8 18. Rhe1 c4 19. Rd7 Bc5 20. f3 Rac8
21. Red1 Bd6 22. e5 Bc5 23. Rd8 Kf8 24. Rxc8 Rxc8 25. Rd8+=
1/2-1/2

[Event "RLEV #5b"]
[Site "SchemingMind.com"]
[Date "2010.03.26"]
[Round "-"]
[White "cnile"]
[Black "Kobiahshi"]
[Result "0-1"]
[WhiteCountry "SCO"]
[BlackCountry "USA"]
[WhiteElo "1482"]
[WhiteRD "64"]
[BlackElo "1604"]
[BlackRD "64"]
[GameID "243049"]

1. e4 e5 2. Nf3 Nc6 3. Bb5 a6 4. Bxc6 dxc6 5. O-O Bg4 6. h3 h5 7. Nc3 Qf6 8. d3 Be6 9. Bg5 Qg6 10. d4 f6
11. Be3 Bd6 12. Re1 Bxh3 13. Nh4 Qf7 14. Kh2 exd4+ 15. Kxh3 g5 16. Nf5 dxe3 17. Nxe3 Qe6+ 18. Nf5 Qe5 19. Nxd6+ cxd6 20. Qd3 g4+
21. Kh4 Qh2+ 22. Qh3 gxh3
0-1

[Event "RLEV #5b"]
[Site "SchemingMind.com"]
[Date "2010.03.25"]
[Round "-"]
[White "echecs"]
[Black "Kobiahshi"]
[Result "1-0"]
[WhiteCountry "ENG"]
[BlackCountry "USA"]
[WhiteElo "1809"]
[WhiteRD "62"]
[BlackElo "1603"]
[BlackRD "68"]
[GameID "243050"]

1. e4 e5 2. Nf3 Nc6 3. Bb5 a6 4. Bxc6 dxc6 5. O-O Bg4 6. d3 Bd6 7. Be3 Nf6 8. Nbd2 Qd7 9. h3 Bh5 10. Qe1 O-O
11. a3 Rfe8 12. Bg5 Qe6 13. Nh2 b5 14. c4 Bg6 15. Rc1 c5 16. Be3 bxc4 17. Nxc4 Qd7 18. Nf3 h6 19. Qd1 Kh7 20. Bxc5 Bxc5
21. Ncxe5 Qd6 22. Nxg6 fxg6 23. e5 Qb6 24. exf6 gxf6 25. b4 Bd6 26. Qb3 Kg7 27. Qd5 Rad8 28. Qc4 Bg3 29. d4 Bf4 30. Rc2 Rc8
31. Rd1 Bd6 32. Qd3 Rcd8 33. d5 Rd7 34. Rc6 Qb8 35. Rxa6 Rf7 36. b5 Qb7 37. a4 Qb8 38. Nd4 Kh7 39. Rb1 Rfe7 40. Rf1 Re1
41. Nc6 Qc8 42. Nd4 R1e7 43. Ne6 Qd7 44. Kh1 f5 45. Rc6 Kg8 46. Rd1 Kh7 47. a5 Rxe6 48. dxe6 Rxe6 49. a6 Qe7 50. g3 Qd8
51. a7 Qa8 52. Ra1 Be5 53. Ra6 Bd6 54. Kh2 Re7 55. Qd5 Kg7 56. Rxd6
1-0

[Event "RLEV #5b"]
[Site "SchemingMind.com"]
[Date "2010.03.25"]
[Round "-"]
[White "Shanks"]
[Black "Kobiahshi"]
[Result "0-1"]
[WhiteCountry "ENG"]
[BlackCountry "USA"]
[WhiteElo "1286"]
[WhiteRD "75"]
[BlackElo "1628"]
[BlackRD "62"]
[GameID "243051"]

1. e4 e5 2. Nf3 Nc6 3. Bb5 a6 4. Bxc6 dxc6 5. d3 Bg4 6. O-O Qf6 7. Bg5 Qd6 8. Nbd2 f6 9. Be3 Qb4 10. b3 Bc5
11. Bxc5 Qxc5 12. Qc1 Ne7 13. Nc4 Bxf3 14. gxf3 O-O-O 15. Qd1 Ng6 16. Ne3 h5 17. Nf5 Qf8 18. a4 Nf4 19. Ng3 g6 20. c4 Rxd3
21. Qc2 h4 22. Nh1 Rxf3 23. Rad1 Qh6 24. Ng3 hxg3 25. fxg3 Rxg3+ 26. hxg3 Qh1+ 27. Kf2 Qg2+ 28. Ke1 Qxc2 29. gxf4 Rh2 30. fxe5 Qe2#
0-1

[Event "RLEV #5b"]
[Site "SchemingMind.com"]
[Date "2010.03.25"]
[Round "-"]
[White "Roger Martindale"]
[Black "Kobiahshi"]
[Result "0-1"]
[WhiteCountry "USA"]
[BlackCountry "USA"]
[WhiteElo "1440"]
[WhiteRD "89"]
[BlackElo "1604"]
[BlackRD "64"]
[GameID "243052"]

1. e4 e5 2. Nf3 Nc6 3. Bb5 a6 4. Bxc6 dxc6 5. a3 Bg4 6. d3 Qf6 7. Be3 Bd6 8. Nbd2 Ne7 9. h3 Bh5 10. Qe2 Bxf3
11. gxf3 Nc8 12. O-O-O Nb6 13. Nb3 Bf8 14. Na5 Rb8 15. d4 g6 16. dxe5 Qe6 17. f4 Na4 18. Nc4 Bxa3 19. Bd4 Bc5 20. Qe3 Qxc4
21. Bxc5 Nxc5 22. b3 Qb4 23. Rd4 Qa3+ 24. Kd2 Qb2 25. Qc3 Qxc3+ 26. Kxc3 O-O 27. Rg1 Ne6 28. Rdd1 Nxf4 29. Rh1 Rfe8 30. h4 Rbd8
31. Rxd8 Rxd8 32. Rg1 Ne2+
0-1

[Event "RLEV #5b"]
[Site "SchemingMind.com"]
[Date "2010.04.02"]
[Round "-"]
[White "jtrochez1"]
[Black "cnbcad"]
[Result "0-1"]
[WhiteCountry "HON"]
[BlackCountry "USA"]
[WhiteElo "1559"]
[WhiteRD "51"]
[BlackElo "1698"]
[BlackRD "58"]
[GameID "243851"]

1. e4 e5 2. Nf3 Nc6 3. Bb5 a6 4. Bxc6 dxc6 5. h3 f5 6. Nxe5 Nf6 7. exf5 Bd6 8. Nf3 Bxf5 9. d3 Qd7 10. Qe2+ Be7
11. Be3 O-O-O 12. Ne5 Qd5 13. Nf3 Rhe8 14. a3 Bc5 15. O-O Bxe3 16. fxe3 Qc5 17. d4 Qxc2 18. Qxc2 Bxc2 19. Ne5 c5 20. Nf7 Rd7
21. Ne5 Rd5 22. Nc3 Rd6 23. Nc4 Rde6 24. Rac1 Bd3 25. Rfe1 Bxc4 26. Nd5 Bxd5
0-1

[Event "RLEV #5b"]
[Site "SchemingMind.com"]
[Date "2010.04.02"]
[Round "-"]
[White "jtrochez1"]
[Black "wom_bat"]
[Result "1-0"]
[WhiteCountry "HON"]
[BlackCountry "GER"]
[WhiteElo "1559"]
[WhiteRD "51"]
[BlackElo "1636"]
[BlackRD "80"]
[GameID "243852"]

1. e4 e5 2. Nf3 Nc6 3. Bb5 a6 4. Bxc6 bxc6 5. O-O d6 6. h3 Nf6 7. d3 Be6 8. Ng5 d5 9. Nxe6 fxe6 10. Bg5 Bc5
11. Nd2 O-O 12. Kh1 Qe8 13. f4 exf4 14. Bxf4 e5 15. Bh2 Be3 16. exd5 cxd5 17. c3 c5 18. Bg1 Bf4 19. Bh2 Nh5 20. Qe2 d4
21. c4 Qg6 22. Ne4 Bxh2 23. Kxh2 Nf4 24. Qc2 Ne6 25. Nd6 Nf4 26. Ne4 Rf7 27. Rf2 Raf8 28. Rg1 Ne6 29. g3 Ng5 30. Rxf7 Rxf7
31. Nxg5 Qxg5 32. b4 cxb4 33. Qb3 Qd2+ 34. Rg2 Rf2 35. c5+ Kf8 36. Qd5 Rxg2+ 37. Qxg2 Qxd3 38. Qd5 Qe2+ 39. Kg1 d3 40. Qd8+ Kf7
41. Qd7+ Kg6 42. Qe6+ Kg5 43. h4+
1-0

[Event "RLEV #5b"]
[Site "SchemingMind.com"]
[Date "2010.04.01"]
[Round "-"]
[White "jtrochez1"]
[Black "cnile"]
[Result "0-1"]
[WhiteCountry "HON"]
[BlackCountry "SCO"]
[WhiteElo "1603"]
[WhiteRD "47"]
[BlackElo "1492"]
[BlackRD "70"]
[GameID "243853"]

1. e4 e5 2. Nf3 Nc6 3. Bb5 a6 4. Bxc6 dxc6 5. Nxe5 Qd4 6. Nxf7 Qxe4+ 7. Qe2 Qxe2+ 8. Kxe2 Kxf7 9. d4 Bf5 10. c3 Nf6
11. Re1 Re8+ 12. Be3 c5 13. Nd2 cxd4 14. cxd4 Bd6 15. h3 Rhf8 16. Kf1 Kg8 17. a3 Bh2 18. Nf3 Bd3+ 19. Re2 Bxe2+ 20. Kxe2 Bd6
21. Nd2 Nd5 22. Nc4 Nxe3 23. Nxe3 c5 24. d5 Be5 25. Rb1 Bd4 26. b3 Rf5 27. Kf1 Bxe3
0-1

[Event "RLEV #5b"]
[Site "SchemingMind.com"]
[Date "2010.04.06"]
[Round "-"]
[White "jtrochez1"]
[Black "echecs"]
[Result "0-1"]
[WhiteCountry "HON"]
[BlackCountry "ENG"]
[WhiteElo "1559"]
[WhiteRD "51"]
[BlackElo "1827"]
[BlackRD "62"]
[GameID "243854"]

1. e4 e5 2. Nf3 Nc6 3. Bb5 a6 4. Bxc6 dxc6 5. h3 Bc5 6. O-O Nf6 7. d3 Bd6 8. Bg5 O-O 9. c3 Re8 10. Qc2 h6
11. Bh4 Bd7 12. Nbd2 b5 13. a3 Re6 14. d4 exd4 15. cxd4 Be7 16. Bg3 Nh5 17. Bh2 Bg5 18. Nxg5 Qxg5 19. Nf3 Qe7 20. e5 g5
21. g4 Ng7 22. b4 Rg6 23. Qc5 Qd8 24. Nd2 Ne6 25. Qc3 Be8 26. Nf3 Qd5 27. Rad1 Rd8 28. Rfe1 f6 29. Kf1 Rd7 30. exf6 Rxf6
31. Ne5 Rd6 32. f3 Bd7 33. Re4 Kg7 34. Kg2 Be8 35. Rd3 Kf8 36. Qb3 Qxb3 37. Rxb3 Rxd4 38. Rxd4 Nxd4 39. Rd3 Ne6 40. Rd2 c5
41. bxc5 Nxc5 42. Rc2 Ne6 43. Bg1 Nf4+ 44. Kh2 c6 45. Bd4 Nd5 46. Rf2 Ke7 47. Re2 Kf8 48. Nd3 Rxf3 49. Bc5+ Kg7 50. Bd4+ Nf6
51. Bxf6+ Kxf6 52. Rxe8 Rxd3 53. Rc8 Rxa3 54. Rxc6+ Kg7 55. Rb6 Ra4 56. Kg2 b4 57. Rd6 b3
0-1

[Event "RLEV #5b"]
[Site "SchemingMind.com"]
[Date "2010.04.04"]
[Round "-"]
[White "jtrochez1"]
[Black "Shanks"]
[Result "1/2-1/2"]
[WhiteCountry "HON"]
[BlackCountry "ENG"]
[WhiteElo "1516"]
[WhiteRD "53"]
[BlackElo "1319"]
[BlackRD "77"]
[GameID "243855"]

1. e4 e5 2. Nf3 Nc6 3. Bb5 a6 4. Bxc6 bxc6 5. d4 d6 6. h3 Bb7 7. O-O Qd7 8. c3 f6 9. Qb3 O-O-O 10. Be3 Ne7
11. Nbd2 exd4 12. cxd4 h5 13. Rfc1 g6 14. Rd1 Bg7 15. Qf7 Rhg8 16. Qc4 d5 17. Qc5 Kb8 18. Rab1 dxe4 19. Nxe4 Nd5 20. Bd2 f5
21. Neg5 Bf8 22. Qa5 Nb6 23. Bc3 Nc4 24. Qa4 Nd6 25. Ne5 Qe8 26. Re1 Ne4 27. Nxe4 fxe4 28. Rxe4 Bd6 29. f3 Bxe5 30. Rxe5 Qd7
31. Rbe1 g5 32. d5 cxd5 33. Qxd7 Rxd7 34. Re8+ Rxe8 35. Rxe8+ Bc8 36. Bd4 Rd6 37. Kh2 Kb7 38. g4 h4 39. b4 c6 40. a4 Bd7
41. Rg8 Re6= 42. a5 Re2+ 43. Kg1 Re1+ 44. Kg2 Re2+ 45. Kh1 Re1+ 46. Kg2 Re2+ 47. Bf2 Rb2 48. Rxg5 Rxb4 49. Bb6 Rb2+ 50. Kf1 Rb1+
51. Ke2 Rb2+ 52. Kf1 Rb1+ 53. Kg2 Rb2+= 54. Bf2 Rb5 55. Bb6 Rb2+ 56. Kf1
1/2-1/2

[Event "RLEV #5b"]
[Site "SchemingMind.com"]
[Date "2010.04.02"]
[Round "-"]
[White "jtrochez1"]
[Black "Kobiahshi"]
[Result "1/2-1/2"]
[WhiteCountry "HON"]
[BlackCountry "USA"]
[WhiteElo "1559"]
[WhiteRD "51"]
[BlackElo "1602"]
[BlackRD "65"]
[GameID "243856"]

1. e4 e5 2. Nf3 Nc6 3. Bb5 a6 4. Bxc6 dxc6 5. d4 exd4 6. Qxd4 Qxd4 7. Nxd4 Bc5 8. c3 Bd6 9. O-O Nf6 10. f3 Bd7
11. Be3 O-O 12. Nd2 c5 13. Ne2 b6 14. Rad1 Bb5 15. c4 Ba4 16. b3 Bc6 17. Nf4 Bb7 18. Nd5 Bxd5 19. cxd5 Rac8 20. Nc4 Rfe8
21. Rc1 Nd7 22. a3 b5 23. Nxd6 cxd6 24. Bf4 Ne5 25. Bxe5 Rxe5 26. Rf2 f6 27. g4 Rg5 28. Rg2 Re5 29. h4 Kf7 30. Re2 Kg8
31. f4 Ree8 32. f5 Re5 33. Kf2 Kf7 34. Kf3 g6 35. Rg1 Rg8 36. Reg2 g5 37. h5 h6 38. Rd2=
1/2-1/2

[Event "RLEV #5b"]
[Site "SchemingMind.com"]
[Date "2010.04.02"]
[Round "-"]
[White "jtrochez1"]
[Black "Roger Martindale"]
[Result "0-1"]
[WhiteCountry "HON"]
[BlackCountry "USA"]
[WhiteElo "1535"]
[WhiteRD "54"]
[BlackElo "1447"]
[BlackRD "95"]
[GameID "243857"]

1. e4 e5 2. Nf3 Nc6 3. Bb5 a6 4. Bxc6 bxc6 5. O-O d6 6. h3 Nf6 7. d3 h6 8. Nc3 Be6 9. b3 d5 10. Bb2 d4
11. Ne2 Bd6 12. c4 c5 13. Ng3 c6 14. Nh4 g6 15. Bc1 Bc7 16. Nhf5 gxf5 17. exf5 Bd7 18. f4 h5 19. fxe5 h4 20. Bg5 Bxe5
21. Ne4 Qe7 22. Nxf6+ Kd8 23. Ne4 f6 24. Bd2 Rg8 25. Bf4 Bxf5 26. Kh2 Kc7 27. Qf3 Qe6 28. Nxc5 Qe7 29. Bxe5+ Qxe5+ 30. Qf4 Bh7
31. Qxe5+ fxe5 32. Rf7+ Kb6 33. Nd7+ Ka5 34. Rxh7 Rg3 35. Nxe5 Rc8 36. Rxh4 Re3 37. Rh5 Kb4 38. Nf3 Rxd3 39. Ne5 Re3 40. Nf3 c5
41. Ne5 Re8 42. Nc6+ Kc3 43. Rf1 Re2 44. Rxc5 Rxa2 45. Rf3+ Re3 46. Na5 Rxf3 47. Re5 Rff2 48. Rg5 Kb4 49. Nc6+ Kxb3 50. Nxd4+ Kxc4
51. Nf5 a5 52. Nh4 a4 53. Rg3 a3 54. Rg4+ Kd5 55. Kg1 Rab2 56. Ra4 a2 57. Kh2 Rf1
0-1

[Event "RLEV #5b"]
[Site "SchemingMind.com"]
[Date "2010.04.01"]
[Round "-"]
[White "cnbcad"]
[Black "jtrochez1"]
[Result "1-0"]
[WhiteCountry "USA"]
[BlackCountry "HON"]
[WhiteElo "1697"]
[WhiteRD "60"]
[BlackElo "1535"]
[BlackRD "54"]
[GameID "243859"]

1. e4 e5 2. Nf3 Nc6 3. Bb5 a6 4. Bxc6 dxc6 5. Nxe5 Be6 6. c4 Bb4 7. O-O Bd6 8. d4 Bxe5 9. dxe5 Bxc4 10. Qxd8+ Rxd8
11. Re1 Ne7 12. Bg5 Be6 13. Bxe7 Kxe7 14. Nc3 Rhe8 15. f4 Kf8 16. b3 g6 17. Na4 Bc8 18. Kf2 Rd2+ 19. Kg1 Red8 20. Nc3 Kg7
21. Ne2 Bg4 22. Ng3 Rb2 23. f5 Rdd2 24. f6+ Kf8 25. Re3 Rxg2+ 26. Kf1 Rxh2 27. Rd3 Ke8 28. a4 h5 29. Kg1 h4 30. e6 Bxe6
31. Rad1 Rbg2+ 32. Kf1 Rf2+ 33. Ke1 Bd5 34. exd5 hxg3 35. Rxg3 Re2+ 36. Kf1 Rd2 37. Rxd2 Rxd2 38. Re3+ Kf8 39. dxc6 bxc6 40. Re7 Rb2
41. Rxc7 Rxb3 42. Rc8#
1-0

[Event "RLEV #5b"]
[Site "SchemingMind.com"]
[Date "2010.04.01"]
[Round "-"]
[White "wom_bat"]
[Black "jtrochez1"]
[Result "1-0"]
[WhiteCountry "GER"]
[BlackCountry "HON"]
[WhiteElo "1636"]
[WhiteRD "80"]
[BlackElo "1559"]
[BlackRD "51"]
[GameID "243860"]

1. e4 e5 2. Nf3 Nc6 3. Bb5 a6 4. Bxc6 dxc6 5. O-O Bd6 6. d4 Bg4 7. Nc3 Bxf3 8. gxf3 Qf6 9. Be3 O-O-O 10. d5 c5
11. Kh1 h6 12. Ne2 Qxf3+ 13. Kg1 Nf6 14. Ng3 Qxd1 15. Raxd1 g5 16. Nf5 Nxe4 17. c4 g4 18. Nxh6 Rdf8 19. Kh1 f5 20. f3 Nf6
21. fxg4 e4 22. Rxf5 Nd7 23. Rdf1 b6 24. g5 Rxf5 25. Rxf5 b5 26. Bf4 Bxf4 27. Rxf4 Kb7 28. cxb5 axb5 29. Rxe4 c4 30. h4 Nc5
31. Rd4 Na4 32. Nf7 Rh7 33. g6 Rg7 34. h5 Nxb2 35. h6 Rxg6 36. h7 c3 37. Rb4 c2 38. Rxb5+
1-0

[Event "RLEV #5b"]
[Site "SchemingMind.com"]
[Date "2010.04.01"]
[Round "-"]
[White "cnile"]
[Black "jtrochez1"]
[Result "0-1"]
[WhiteCountry "SCO"]
[BlackCountry "HON"]
[WhiteElo "1499"]
[WhiteRD "76"]
[BlackElo "1589"]
[BlackRD "51"]
[GameID "243861"]

1. e4 e5 2. Nf3 Nc6 3. Bb5 a6 4. Bxc6 dxc6 5. O-O Bd6 6. Nc3 Bg4 7. h3 Bh5 8. d3 Ne7 9. g4 Bg6 10. Ne2 h5
11. g5 Qd7 12. Ng3 h4 13. Nh1 Qxh3 14. Be3 Bh5 15. c3 Bxf3 16. Qxf3 Qxf3
0-1

[Event "RLEV #5b"]
[Site "SchemingMind.com"]
[Date "2010.04.06"]
[Round "-"]
[White "echecs"]
[Black "jtrochez1"]
[Result "1-0"]
[WhiteCountry "ENG"]
[BlackCountry "HON"]
[WhiteElo "1847"]
[WhiteRD "62"]
[BlackElo "1611"]
[BlackRD "51"]
[GameID "243862"]

1. e4 e5 2. Nf3 Nc6 3. Bb5 a6 4. Bxc6 dxc6 5. O-O Bg4 6. h3 h5 7. d3 Be6 8. Nxe5 Bd6 9. Nf3 Qd7 10. Ng5 O-O-O
11. Nc3 f6 12. Nxe6 Qxe6 13. Be3 Kb8 14. a3 g5 15. Ne2 c5 16. b3 g4 17. h4 b6 18. b4 Nh6 19. bxc5 bxc5 20. Nf4 Bxf4
21. Bxf4 Nf7 22. Qd2 Ne5 23. Qa5 Qc6 24. Rab1+ Kc8 25. Rb2 Kd7 26. Rfb1 Rc8 27. Qc3 Rce8 28. d4 Qxe4 29. dxe5 fxe5 30. Rd1+ Kc8
31. Be3 Rd8 32. Rdb1 Qd5 33. Bxc5 Rh7 34. Qa5 Rh6 35. Qa4 Qa8 36. Be3 Re6 37. Qc4 Qd5 38. Rb8+
1-0

[Event "RLEV #5b"]
[Site "SchemingMind.com"]
[Date "2010.04.03"]
[Round "-"]
[White "Shanks"]
[Black "jtrochez1"]
[Result "0-1"]
[WhiteCountry "ENG"]
[BlackCountry "HON"]
[WhiteElo "1250"]
[WhiteRD "76"]
[BlackElo "1559"]
[BlackRD "51"]
[GameID "243863"]

1. e4 e5 2. Nf3 Nc6 3. Bb5 a6 4. Bxc6 dxc6 5. d3 Bg4 6. O-O h6 7. Nbd2 Bc5 8. h3 Bxf3 9. Nxf3 f6 10. a3 Ne7
11. b4 Ba7 12. Bb2 Qd6 13. c4 O-O-O 14. Ne1 g5 15. c5 Qd7 16. Nc2 h5 17. Ne3 Ng6 18. Nf5 Nf4 19. Ng3 Nxd3 20. Bc3 Nf4
21. Qxd7+ Rxd7 22. Nf5 Ne2+ 23. Kh1 Nxc3 24. f3 Ne2 25. a4 g4 26. fxg4 hxg4 27. Kh2 gxh3 28. gxh3 Nf4 29. Ra3 Rd2+ 30. Kg3 Rxh3+
0-1

[Event "RLEV #5b"]
[Site "SchemingMind.com"]
[Date "2010.04.01"]
[Round "-"]
[White "Kobiahshi"]
[Black "jtrochez1"]
[Result "1/2-1/2"]
[WhiteCountry "USA"]
[BlackCountry "HON"]
[WhiteElo "1600"]
[WhiteRD "72"]
[BlackElo "1581"]
[BlackRD "48"]
[GameID "243864"]

1. e4 e5 2. Nf3 Nc6 3. Bb5 a6 4. Bxc6 dxc6 5. O-O Bd6 6. d4 exd4 7. Qxd4 Nf6 8. Qd3 Nd7 9. Bg5 f6 10. Be3 O-O
11. c4 Nc5 12. Bxc5 Bxc5 13. Qxd8 Rxd8 14. Nc3 Be6 15. Rad1 Bxc4 16. Rfe1 Bd6 17. b3 Be6 18. e5 fxe5 19. Ng5 Bf5 20. Nf3 Bg4
21. Ne4 Bxf3 22. gxf3 h6 23. Kg2 b5 24. h4 Kf7 25. Rg1 Be7 26. Rc1 c5 27. h5 Rd5 28. Kg3 Ke6 29. Rg2 Rad8 30. Rgg1 a5
31. Kh3 Rg8 32. Rcd1 Rxd1 33. Rxd1 Bd6 34. Rg1 Kf7 35. Rg6 Rd8 36. Kg3 c4 37. Kh3 Re8 38. bxc4 bxc4 39. Rg1 Re6 40. Rc1 Re8
41. Rxc4 Rb8 42. Rc2 a4 43. Nd2 a3 44. Nc4 g5 45. Rc3 Ke6 46. Nxa3 Bxa3 47. Rxa3 Kf5 48. Rc3 Rb7 49. a4 Ra7 50. Rc4 c5
51. Rxc5 Rxa4 52. Rc8 Rh4+ 53. Kg3 Rxh5 54. Rf8+ Ke6 55. Re8+ Kd5 56. Rd8+ Kc5 57. Rc8+ Kd6 58. Rd8+ Ke7 59. Rd5 Ke6 60. Ra5 Rh1
61. Ra6+ Kf5 62. Ra4 h5 63. Kg2 Rd1 64. Ra8 h4 65. Rf8+ Ke6 66. Re8+ Kf5 67. Rf8+= Kg6 68. Rg8+ Kf6 69. Rf8+ Ke6=
1/2-1/2